Môn hóa học : Hệ thống hóa kiến thức và giới thiệu một số đề thi tốt nghiệp THPT tuyển sinh đại học, cao đẳng
Sách gồm 2 phần: Phần một: có 18 chủ đề ôn tập các kiến thức trọng tâm và các câu hỏi thường gặp. Phần hai: Giới thiệu một số đề thi Tốt nghiệp THPT, tuyển sinh Đại học, Cao đẳng.
Wedi'i Gadw mewn:
| Prif Awdur: | |
|---|---|
| Fformat: | Llyfr |
| Iaith: | Undetermined |
| Cyhoeddwyd: |
Hà Nội
Giáo dục Việt Nam
2010
|
| Pynciau: | |
| Tagiau: |
Ychwanegu Tag
Dim Tagiau, Byddwch y cyntaf i dagio'r cofnod hwn!
|
| Thư viện lưu trữ: | Trung tâm Học liệu Trường Đại học Cần Thơ |
|---|
| LEADER | 01152nam a2200229Ia 4500 | ||
|---|---|---|---|
| 001 | CTU_188059 | ||
| 008 | 210402s9999 xx 000 0 und d | ||
| 020 | |c 28500 | ||
| 082 | |a 540.712 | ||
| 082 | |b T558 | ||
| 100 | |a Đồng, Xuân Tươi | ||
| 245 | 0 | |a Môn hóa học : | |
| 245 | 0 | |b Hệ thống hóa kiến thức và giới thiệu một số đề thi tốt nghiệp THPT tuyển sinh đại học, cao đẳng | |
| 245 | 0 | |c Đồng Xuân Tươi, Đoàn Thị Diệp, Nguyễn Kim Hạnh (chủ biên) | |
| 260 | |a Hà Nội | ||
| 260 | |b Giáo dục Việt Nam | ||
| 260 | |c 2010 | ||
| 520 | |a Sách gồm 2 phần: Phần một: có 18 chủ đề ôn tập các kiến thức trọng tâm và các câu hỏi thường gặp. Phần hai: Giới thiệu một số đề thi Tốt nghiệp THPT, tuyển sinh Đại học, Cao đẳng. | ||
| 650 | |a Chemistry,Hóa học | ||
| 650 | |x Study and teaching (Secondary),Dạy và học (Trung học) | ||
| 904 | |i Tuyến | ||
| 980 | |a Trung tâm Học liệu Trường Đại học Cần Thơ | ||